[Event "Åpent sjakk-NM 2015"]
[Site "Fagernes, Oppland NOR"]
[Date "2015.04.05"]
[Round "9"]
[White "Taranger, Rune"]
[Black "Shehzad, Kasher"]
[Result "1-0"]
[WhiteElo "1572"]
[BlackElo "1315"]
[PlyCount "111"]
[EventDate "2015.03.29"]

1. e4 c5 2. c4 Nc6 3. Nc3 e6 4. g3 b6 5. Bg2 Bb7 6. Nge2 Nge7 7. O-O g6 8. d3
Bg7 9. Be3 O-O 10. Qd2 Nd4 11. f4 d6 12. g4 f5 13. g5 Nec6 14. h4 a6 15. Ng3
Qe8 16. Kh2 b5 17. Rh1 bxc4 18. dxc4 Nb4 19. Bxd4 Bxd4 20. Nce2 Nc6 21. exf5 e5
22. Nxd4 cxd4 23. Bd5+ Kh8 24. f6 Nd8 25. f5 Bxd5 26. cxd5 Ra7 27. fxg6 hxg6
28. Qc2 Rg8 29. Kg2 Rh7 30. Rh2 Qf7 31. Qe4 Qb7 32. Kf3 Nf7 33. Rah1 Qd7 34.
Qd3 Qb7 35. Qe4 a5 36. b3 Qb4 37. Qd3 Qc5 38. Qc4 Qb6 39. Ke4 Qb7 40. Rh3 Qd7
41. Qf1 Qg4+ 42. Kd3 Rc8 43. Ne4 Qd7 44. Kd2 Qc7 45. Qd3 Qb7 46. h5 Rxh5 47.
Rxh5+ gxh5 48. Rxh5+ Kg8 49. Nxd6 Qb4+ 50. Kd1 Rc1+ 51. Kxc1 Qc3+ 52. Qxc3 dxc3
53. Nxf7 Kxf7 54. Rh7+ Kg6 55. Rg7+ Kf5 56. f7 1-0

[Event "Åpent sjakk-NM 2015"]
[Site "Fagernes, Oppland NOR"]
[Date "2015.04.05"]
[Round "9"]
[White "Grindbakken, Erik"]
[Black "Thorvaldsen, Thomas"]
[Result "1/2-1/2"]
[WhiteElo "1266"]
[BlackElo "1006"]
[PlyCount "85"]
[EventDate "2015.03.29"]

1. c4 c5 2. Nf3 g6 3. e3 Bg7 4. d4 e6 5. Nc3 Ne7 6. dxc5 Na6 7. Qc2 O-O 8. Rb1
Nxc5 9. b4 Na6 10. c5 d5 11. Bxa6 bxa6 12. a4 Bd7 13. Bd2 Nc6 14. a5 Rb8 15.
Na2 Qc7 16. O-O Ne5 17. Nxe5 Bxe5 18. f4 Bg7 19. Rfc1 Bc6 20. Bc3 e5 21. fxe5
Bxe5 22. Bxe5 Qxe5 23. Qc3 Qg5 24. Qd4 Rfe8 25. Qf4 Qxf4 26. exf4 Re4 27. g3 d4
28. Rd1 Rd8 29. Rd2 d3 30. Nc3 Rc4 31. Rb3 Rcd4 32. Kf2 Rb8 33. Ke3 Rbxb4 34.
Rxb4 Rxb4 35. Rxd3 Rc4 36. Rd6 Bb5 37. Nxb5 axb5 38. Ra6 Rxc5 39. Rxa7 b4 40.
a6 Ra5 41. Ra8+ Kg7 42. a7 Kf6 43. Rb8 1/2-1/2

[Event "Åpent sjakk-NM 2015"]
[Site "Fagernes, Oppland NOR"]
[Date "2015.04.05"]
[Round "9"]
[White "Thorvaldsen, Idun"]
[Black "Sæteren, Erlend"]
[Result "0-1"]
[WhiteElo "1001"]
[BlackElo "1029"]
[PlyCount "116"]
[EventDate "2015.03.29"]

1. d4 Nf6 2. c4 g6 3. Nc3 Bg7 4. e4 d6 5. Nf3 O-O 6. Bd3 c5 7. d5 e6 8. O-O
exd5 9. cxd5 Bg4 10. Bg5 h6 11. Bf4 Nh5 12. Be3 Nd7 13. Rc1 Ne5 14. Be2 Qf6 15.
Nxe5 Bxe2 16. Qxe2 Qxe5 17. f3 a6 18. a3 Nf4 19. Qd2 g5 20. b4 c4 21. a4 Nd3
22. Rc2 Nxb4 23. Rcc1 Nd3 24. Rc2 Rab8 25. a5 f5 26. f4 gxf4 27. Bxf4 Qf6 28.
Ne2 fxe4 29. Rxc4 Qg6 30. Ng3 Rbe8 31. Qe3 Nxf4 32. Rxf4 Rxf4 33. Qxf4 e3 34.
Re4 Rxe4 35. Nxe4 Bd4 36. Kf1 Qf7 37. Qxf7+ Kxf7 38. Nxd6+ Kf6 39. Nxb7 Ke7 40.
d6+ Kd7 41. g4 Kc8 42. h4 Kxb7 43. g5 hxg5 44. hxg5 Kc6 45. Ke2 Kxd6 46. g6 Ke7
47. g7 Kf7 48. g8=Q+ Kxg8 49. Kf3 Kf7 50. Ke2 Ke6 51. Kd3 Kd5 52. Ke2 Ke4 53.
Kd1 Bc3 54. Ke2 Bxa5 55. Kd1 Bb6 56. Ke2 a5 57. Kd1 Kf3 58. Ke1 a4 0-1

[Event "Nordstrand GP 2015"]
[Site "Oslo NOR"]
[Date "2015.04.18"]
[Round "2"]
[White "Bø, Martin"]
[Black "Thoresen, Tommy V."]
[Result "0-1"]
[WhiteElo "1162"]
[BlackElo "1566"]
[Annotator "Martin,Bø"]
[PlyCount "97"]
[EventDate "2015.04.17"]

1. e4 c5 2. Nf3 g6 3. d4 cxd4 4. Nxd4 Bg7 5. Nc3 e6 6. Bc4 (6.
Ndb5 Be5 7. f4 Bf6 8. Nd6+ Kf8) 6... a6 7. Bb3 b5 8. a3 Bb7 9. Be3 Ne7 10. O-O
O-O 11. Qd2 Nbc6 12. Nxc6 dxc6 (12... Nxc6) 13. Rad1 Qxd2 14. Rxd2 Rfe8 15.
Rfd1 c5 16. Bxc5 Bxc3 17. bxc3 Bxe4 18. f3 Bd5 19. Bxe7 Rxe7 20. Bxd5 exd5 21.
Rxd5 Rc8 22. Rd8+ Rxd8 23. Rxd8+ Kg7 {Etter alle avbyttene er stillingen helt
død og 100% remis i følge fritz. Remistilbud, men min motstander takket høflig
nei} 24. Ra8 Re6 25. Kf2 Rc6 26. Ke2 Rxc3 27. Rxa6 Rxc2+ 28. Kf1 Rb2 29. Rb6
Rb3 30. Ke2 h5 31. f4 h4 32. h3 Kh6 33. Rb7 Kg7 34. Rb6 Kh6 35. Rb7 g5 36. f5 {
Første av flere unøyaktigheter i sluttspillet. Det beste er å slå på g5} (36.
fxg5+ Kxg5 37. Rxf7 Rxa3 38. Rb7 Rb3 $11) 36... Kg7 37. Rb6 Kh7 38. Rb7 Kg7 39.
Rb6 Rg3 40. Kf2 Rxa3 41. Rxb5 Ra4 42. g4 hxg3+ 43. Kxg3 Rf4 44. Rb1 {Starten
på idéen som taper partiet} Rxf5 45. Rh1 (45. h4 {My bedre å spille h4 direkte,
slik at tårnene ikke blir byttet av} Kg6 46. Rb6+ f6 47. hxg5 Rxg5+ 48. Kf4 {
-0,35 og gode remismuligheter}) 45... Rf4 46. h4 Rxh4 47. Rxh4 gxh4+ 48. Kxh4
Kf6 49. Kg3 {Bonden går inn og partiet er tapt. Alt i alt et bra parti, men
poengene uteble} 0-1

[Event "Nordstrand GP 2015"]
[Site "Oslo NOR"]
[Date "2015.04.18"]
[Round "3"]
[White "Yilmaz, Kazim"]
[Black "Bø, Martin"]
[Result "1-0"]
[WhiteElo "1406"]
[BlackElo "1162"]
[Annotator "Martin,Bø"]
[PlyCount "39"]
[EventDate "2015.04.17"]

1. c4 c5 2. Nc3 Nc6 3. Nf3 g6 4. g3 Bg7 5. Bg2 Nf6 6. O-O O-O 7. d3 d6 8. e4
Bg4 9. Be3 a6 10. a3 Rb8 11. a4 Nd7 12. h3 Bxf3 13. Bxf3 Nde5 14. Bg2 Nb4 {Har
til nå fått overtaket og initiativet i partiet, og er veldig fornøyd med
stillingen. Bonden på d3 blir veldig svak med bonde på både e4 og c4} 15. d4
cxd4 {Sxc4 er mye sterkere, men cxd4 gir også ca -1 i fordel til sort} (15...
Nxc4 16. Ne2 Nxe3 17. fxe3 cxd4 18. exd4 {Gir en solid fordel til sort, -2,15})
16. Bxd4 Nxc4 $4 {Fryktelig trekk. En giftigere bonde skal man lete lenge
etter.} 17. Bxg7 Nxb2 {Ser at en offiser mest sannsynlig går tapt pga Dd4+
etter jeg slår på g7. Prøver dermed å gjøre det litt vanskelig for min
motstander, og alle andre trekk enn Dd3 holder sort noenlunde inni partiet} 18.
Qb3 (18. Qe2 Kxg7 19. Qxb2 Nd3 20. Qa3 Ne5 {Sort har litt kompensasjon for
offiseren, men hvit står klart best}) 18... Kxg7 19. Qxb4 (19. Qxb2 Nd3 20. Qa3
Ne5 {Går inn i samme variant som tidligere}) 19... Nd3 20. Qd4+ 1-0

[Event "Nordstrand GP 2015"]
[Site "Oslo NOR"]
[Date "2015.04.19"]
[Round "4"]
[White "Bø, Martin"]
[Black "Gulliksen, Leif"]
[Result "1-0"]
[WhiteElo "1162"]
[BlackElo "1356"]
[Annotator "Martin,Bø"]
[PlyCount "117"]
[EventDate "2015.04.17"]

1. e4 c5 2. Nf3 Nc6 3. d4 cxd4 4. Nxd4 Nf6 5. Nc3 a6 6. Bg5 (6. Nxc6 bxc6 7. e5
Ng8) 6... e6 7. f4 Be7 8. Qd3 O-O 9. O-O-O Ng4 10. Qg3 {Dg3 fungerer, men er
bedre å bare bytte på e7. Dama sperrer nå for g-bonden som jeg senere ville
pushe frem} (10. Bxe7 Qxe7 11. Qf3) 10... Bxg5 11. Qxg4 Be7 12. h4 Qa5 13. Nb3
Qc7 14. h5 h6 15. Qf3 {Taper et tempo her i motsetning til om jeg hadde bytta
på e7} b5 16. g4 b4 17. Na4 d6 18. c3 (18. Kb1 Rb8 {Fritz har i flere trekk
hatt Kb1 på topp 3 trekk, og er et mye bedre alternativ til c3. Er derimot
bare Ld7 som gir en solid fordel til sort, og etter Lb7 har sort bare et lite
overtak}) 18... Bb7 19. Kb1 {Omsider kom Kb1. Dersom det byttes av på b4, blir
avdekkersjakken fatal} (19. cxb4 Nxb4+ 20. Nc3 Nxa2+ 21. Kb1 Nxc3+) 19... Rab8
20. g5 hxg5 21. h6 g6 22. Bd3 {Planlegger å åpne kongestillingen enda mer med
f5, men Ld3 blir litt tregt} bxc3 23. Nxc3 Nb4 24. Rc1 Nxd3 25. Qxd3 gxf4 26.
Nd5 Qd7 27. Nxf4 (27. Rc7 Qb5 28. Qc3 e5 29. Nxe7+ Kh8 {Sort har hatt en
fordel på mellom 0,3 og 1 hele partiet, men denne varianten er nært ved å
vinne direkte for hvit. +2,6}) 27... Kh7 28. Qc3 {Trurer matt, men sort har en
variant som vinner:} Rg8 (28... Bxe4+ 29. Ka1 e5 30. Rhe1 Rfc8 31. Qd2 Rxc1+
32. Qxc1 Qc6 33. Qe3 Bg5) 29. Qd3 Bf6 30. Rhe1 Be5 31. Nc5 $6 {Dersom sort
finner et av de tre beste trekkene, taper jeg direkte. Dette skjedde heldigvis
ikke.} Bxe4 $4 {Ingen av oss så dette trekket i analysen etterpå:} (31... Qe7
32. Nxb7 Qxb7 33. b3 Bxf4) 32. Nxd7 Bxd3+ $2 (32... Rxb2+ 33. Ka1 Rb7+ 34. Nxe5
Bxd3 35. Nexd3 {Denne varianten analyserte vi og er bedre for sort enn hva som
skjedde i partiet}) 33. Nxd3 Bh8 $2 34. Nxb8 Rxb8 35. Rh1 (35. Rc7 Rf8 36. Rxe6
Kxh6 37. Rxd6 a5 38. Ra7) 35... a5 36. Rc7 Kg8 37. h7+ Kf8 38. Rf1 f5 39. b3 {
Var litt redd for Txb2, men i følge Fritz er det ingen grunn til bekymring.
Tg1 gir annonsert matt} a4 40. b4 (40. Rg1) 40... e5 41. a3 (41. Rg1) 41... Rd8
42. Rd1 (42. Rg1) 42... f4 43. Rg1 {Endelig innså jeg hvor sterkt dette
trekket var. Brukte såpass mye tid rundt trekk 20-30, at jeg spilte på
tilleggstida her. Muligens derfor det ikke akkurat ble raskeste vei til matt}
Re8 44. Rxg6 Re7 45. Rxe7 (45. Rg8+ Kf7 46. Rxe7+ Kxe7 47. Rxh8) 45... Kxe7 46.
Rg8 Bf6 47. h8=Q Bxh8 48. Rxh8 f3 49. Rh7+ Ke6 50. Rh6+ Kd5 51. Rh5 Ke4 52.
Nxe5 (52. b5 Kxd3 53. Rh1 Ke2 54. b6 f2 55. b7 f1=Q+ 56. Rxf1 Kxf1 57. b8=Q)
52... f2 53. Rh1 dxe5 54. b5 Kd5 55. Rf1 e4 56. Rxf2 Kc5 57. Re2 Kd4 58. b6 Kd3
59. Rxe4 1-0

[Event "Nordstrand GP 2015"]
[Site "Oslo NOR"]
[Date "2015.04.19"]
[Round "5"]
[White "Rønning, Tom Jøran"]
[Black "Bø, Martin"]
[Result "1-0"]
[WhiteElo "1211"]
[BlackElo "1162"]
[Annotator "Martin,Bø"]
[PlyCount "101"]
[EventDate "2015.04.17"]

1. e4 e5 2. Nf3 Nc6 3. Bc4 Bc5 4. b4 Bxb4 5. c3 Ba5 6. O-O d6 7. d4 Bg4 8. Qb3
Qd7 9. Bxf7+ Qxf7 10. Qxb7 Rb8 11. Qxc6+ Bd7 12. Qa6 Bb6 13. dxe5 dxe5 14. Kh1
Qe7 15. Qd3 Nf6 16. a4 O-O 17. Nbd2 Rbd8 18. Qc2 Bc6 {Svekker e6, og åpner for
Db3/a2 sjakk. Derimot peker den fint inn mot hvit sin konge} 19. Ng5 Ng4 $1 20.
Qa2+ Kh8 21. Ndf3 $4 Nxf2+ 22. Rxf2 Rd1+ 23. Ng1 Bxf2 (23... Rxf2 24. Bd2 Rdxd2
25. Qxd2 Rxd2 26. N1h3 Qd7 {[%emt 0:00:08] Matt i}) 24. Ba3 Rxa1 (24... Qxg5
25. Bxf8 Bxe4 26. Qxf2 Rxa1 27. Bc5 {-6 og sort står til klar vinst}) 25. Qxa1
Qxg5 26. Bxf8 Bxe4 27. Qf1 Qf5 28. Bb4 Bc6 $4 {Nei, nei, nei. Løperen garderte
dronninga og nå blir bindingen på sortfeltsløperen avgjørende} (28... Bd3 29.
Qc1 c5 30. Ba3 e4 31. Qd1 e3 32. Bc1 c4 33. Qf3 Qxf3 34. Nxf3 a5 35. g3 e2 36.
Kg2 e1=Q 37. Nxe1 Bxe1 38. Bb2 {En variant der sort vinner veldig greit}) 29.
Bc5 e4 30. Qxf2 (30. Bxf2 {Redder remis dersom Lxf2 istedenfor Dxf2} e3 31. Qd1
Bxg2+ 32. Kxg2 Qxf2+ 33. Kh3 Qf5+ 34. Kg3 Qf2+ 35. Kg4 Qg2+) 30... Qxf2 31.
Bxf2 a5 32. Bd4 Bxa4 33. Ne2 Kg8 34. Kg1 Kf7 35. Ng3 Bc2 36. Kf2 g6 37. Ke3 Ke6
38. Nxe4 Bxe4 (38... Kd5 39. Nd2 a4 40. c4+ Kc6) 39. Kxe4 Kd6 40. c4 c5 41. Bc3
a4 42. Kd3 Ke6 43. Ke4 Kd6 44. Kf4 Kc6 45. Ke5 a3 46. g4 h5 47. gxh5 gxh5 48.
h4 a2 49. Ke6 Kc7 50. Kd5 Kb6 51. Kd6 1-0

[Event "Nordstrand GP 2015"]
[Site "Oslo NOR"]
[Date "2015.04.17"]
[Round "1"]
[White "Thorvaldsen, Idun"]
[Black "Pettersen, Johan"]
[Result "0-1"]
[WhiteElo "1035"]
[BlackElo "1470"]
[PlyCount "96"]
[EventDate "2015.04.17"]

1. d4 Nf6 2. c4 c5 3. Nc3 cxd4 4. Qxd4 Nc6 5. Qd1 g6 6. Nf3 Bg7 7. e3 O-O 8.
Bd3 d6 9. h3 Nd7 10. a3 Nce5 11. Nxe5 Nxe5 12. O-O Be6 13. Nd5 b5 14. Qb3 bxc4
15. Bxc4 Rb8 16. Qa2 Qd7 17. f4 Nxc4 18. Qxc4 Rfc8 19. Qd3 Bxd5 20. Qxd5 Rc2
21. Qe4 Qc7 22. Rb1 Bxb2 23. Bxb2 Rbxb2 24. Rxb2 Rxb2 25. Rf2 Qc1+ 26. Rf1 Qd2
27. Qf3 Qe2 28. Qg3 Rb3 29. Re1 Qd3 30. Qh4 Qd2 31. Qf2 Qxf2+ 32. Kxf2 Rxa3 33.
Rc1 e6 34. Rc6 d5 35. Rc1 a5 36. Ke2 a4 37. Rb1 Ra2+ 38. Kf3 a3 39. Rb8+ Kg7
40. Ra8 Kf6 41. g4 g5 42. f5 exf5 43. Ra6+ Ke5 44. gxf5 Kxf5 45. Rd6 Ke5 46.
Rd7 Ra1 47. Kf2 a2 48. Ra7 Rh1 0-1

[Event "Nordstrand GP 2015"]
[Site "Oslo NOR"]
[Date "2015.04.18"]
[Round "2"]
[White "Fuglesang, Michael W"]
[Black "Thorvaldsen, Idun"]
[Result "1-0"]
[WhiteElo "1332"]
[BlackElo "1035"]
[Annotator "Thorvaldsen,Idun"]
[PlyCount "89"]
[EventDate "2015.04.17"]

1. e4 c5 2. Nf3 d6 3. d4 cxd4 4. Nxd4 Nc6 5. Be3 Nf6 6. Nc3 a6
7. g3 e5 8. Nde2 Be7 9. Bg2 O-O 10. Nd5 Ng4 11. Bc1 b5 12. h3 Nf6 13. Nxf6+
Bxf6 14. Nc3 Nd4 15. Be3 Rb8 16. Nd5 Bb7 17. Nxf6+ Qxf6 18. Bxd4 exd4 19. O-O
Qe5 20. Qd3 f5 21. exf5 Bxg2 22. Kxg2 Rxf5 23. f4 Qd5+ 24. Kh2 Re8 25. Rfe1
Rff8 26. Qb3 Qxb3 27. axb3 Rxe1 28. Rxe1 Rc8 (28... g5 29. Rd1 gxf4 30. Rxd4
fxg3+ 31. Kxg3 Rf6) 29. Re2 Kf7 30. Kg2 Re8 31. Rxe8 Kxe8 32. Kf3 d5 33. Ke2
Kf7 34. Kd3 Ke6 35. Kxd4 Kd6 36. f5 g6 37. fxg6 hxg6 38. h4 Ke6 39. g4 a5 40.
h5 gxh5 41. gxh5 Kf6 42. Kxd5 Kg5 43. c4 bxc4 44. bxc4 Kxh5 45. c5 1-0

[Event "Nordstrand GP 2015"]
[Site "Oslo NOR"]
[Date "2015.04.19"]
[Round "4"]
[White "Sivaranjan, Pradheeban"]
[Black "Thorvaldsen, Idun"]
[Result "1/2-1/2"]
[WhiteElo "1229"]
[BlackElo "1035"]
[Annotator "Thorvaldsen,Idun"]
[PlyCount "91"]
[EventDate "2015.04.17"]

1. c4 e6 2. Nc3 Nf6 3. b3 c5 4. Bb2 b6 5. Nf3 Bb7 6. e3 g6 7.
g3 Bg7 8. Bg2 Qc7 9. O-O O-O 10. d4 d5 11. cxd5 Nxd5 12. Nxd5 Bxd5 13. Ba3 Rd8
14. Rc1 Nd7 15. b4 c4 16. Qe2 Qb7 17. Rfe1 Nf6 18. e4 Nxe4 19. Ne5 f5 20. b5
Rac8 21. Nc6 Bxc6 22. bxc6 Qxc6 23. Bb2 Bxd4 24. Bxd4 Rxd4 25. g4 Qc5 26. gxf5
exf5 27. Red1 Rxd1+ 28. Rxd1 Re8 29. Qb2 c3 30. Qc2 b5 31. Rd7 Nf6 32. Rd1 Ne4
33. Bf1 b4 34. Rd7 Nd6 35. Qb3+ Kh8 36. Qa4 a5 (36... c2 37. Rxd6 Re1 38. Rd8+
Kg7 39. Qd7+ Re7 40. Rc8 c1=Q) 37. Rxd6 Qe5 38. Rd5 Qe7 39. Rd3 Rc8 40. Re3 Qd8
41. Qc2 Qd2 42. Qa4 c2 43. Re8+ Rxe8 44. Qxe8+ Kg7 45. Qe7+ Kh6 46. Qh4+
1/2-1/2

[Event "Nordstrand GP 2015"]
[Site "Oslo NOR"]
[Date "2015.04.19"]
[Round "5"]
[White "Gulliksen, Leif"]
[Black "Thorvaldsen, Idun"]
[Result "1/2-1/2"]
[WhiteElo "1356"]
[BlackElo "1035"]
[PlyCount "103"]
[EventDate "2015.04.17"]

1. d4 Nf6 2. Nf3 d5 3. c4 e6 4. Bg5 Nbd7 5. a3 Be7 6. Nc3 O-O 7. e3 b6 8. cxd5
Nxd5 9. Bxe7 Nxe7 10. e4 Bb7 11. Bd3 c5 12. d5 exd5 13. exd5 Nxd5 14. O-O Nxc3
15. bxc3 Re8 16. Re1 Rxe1+ 17. Nxe1 Qg5 18. Bc2 Bc6 19. Nf3 Qf6 20. Qd3 g6 21.
Re1 Bxf3 22. gxf3 Rd8 23. Qe3 Qd6 24. Rd1 Qf6 25. Rxd7 Rxd7 26. Qe8+ Kg7 27.
Qxd7 Qxc3 28. Be4 Qf6 29. Qxa7 Qg5+ 30. Kf1 Qc1+ 31. Ke2 Qb2+ 32. Kf1 Qc1+ 33.
Ke2 Qb2+ 34. Ke3 Qc1+ 35. Kd3 Qd1+ 36. Kc4 Qe2+ 37. Kd5 Qa2+ 38. Kc6 Qe6+ 39.
Kb5 Qb3+ 40. Ka6 Qxa3+ 41. Kb7 Qxa7+ 42. Kxa7 c4 43. Kxb6 c3 44. Kc5 Kf6 45. f4
h6 46. h4 g5 47. fxg5+ hxg5 48. hxg5+ Kxg5 49. Kc4 Kf4 50. Kd3 c2 51. Kxc2 Kxe4
52. Kd2 1/2-1/2

[Event "Trygve Waage Cup 2015"]
[Site "Korsvoll, Oslo NOR"]
[Date "2015.01.24"]
[Round "1"]
[White "Lange, Magnus Øyvind"]
[Black "Tenold, Andreas"]
[Result "0-1"]
[WhiteElo "812"]
[BlackElo "933"]
[PlyCount "60"]
[EventDate "2015.01.24"]
[Board "2"]
[WhiteTeam "Follo"]
[BlackTeam "Nordstrand"]

1. e4 e5 2. f4 d6 3. Nc3 Nc6 4. d3 Nf6 5. Nf3 g6 6. Be2 Bg7 7. O-O O-O 8. Be3
b6 9. Qd2 Bb7 10. f5 Ne7 11. fxg6 fxg6 12. Bh6 Nh5 13. d4 Nf4 14. Bxg7 Kxg7 15.
Rad1 Nc6 16. Rfe1 Rf7 17. Bb5 Qf6 18. Bxc6 Bxc6 19. d5 Bd7 20. Rf1 Qe7 21. Kh1
Bg4 22. g3 Nh3 23. Qg2 Raf8 24. Rd3 Qf6 25. Nd2 Nf2+ 26. Kg1 Bh3 27. Rxf2 Qxf2+
28. Qxf2 Rxf2 29. Rf3 R2xf3 30. Nxf3 Rxf3 0-1

[Event "Trygve Waage Cup 2015"]
[Site "Korsvoll, Oslo NOR"]
[Date "2015.01.24"]
[Round "2"]
[White "Bye Syreng, Gard Alexander"]
[Black "Lange, Magnus Øyvind"]
[Result "1-0"]
[WhiteElo "844"]
[BlackElo "812"]
[PlyCount "25"]
[EventDate "2015.01.24"]
[Board "2"]
[WhiteTeam "Nittedal"]
[BlackTeam "Follo"]

1. e4 c5 2. Nf3 Nc6 3. Bc4 e6 4. c3 d5 5. exd5 exd5 6. Bb5 g6 7. d4 Bd7 8. Bxc6
Bxc6 9. Bf4 Qe7+ 10. Be3 f5 11. O-O Qf6 12. dxc5 O-O-O 13. Bd4 1-0

[Event "Trygve Waage Cup 2015"]
[Site "Korsvoll, Oslo NOR"]
[Date "2015.01.25"]
[Round "5"]
[White "Nordquelle, Daniel"]
[Black "Lange, Magnus Øyvind"]
[Result "1-0"]
[WhiteElo "1816"]
[BlackElo "812"]
[PlyCount "81"]
[EventDate "2015.01.24"]
[Board "2"]
[WhiteTeam "Nordstrand 1"]
[BlackTeam "Follo SF"]

1. e4 e5 2. f4 d6 3. Nf3 Nc6 4. Bc4 Bg4 5. Bxf7+ Ke7 6. Bc4 Nf6 7. Nc3 g6 8.
O-O Bg7 9. Qe1 Bxf3 10. gxf3 Nd4 11. Bb3 Nh5 12. fxe5 dxe5 13. d3 Rf8 14. Bg5+
Bf6 15. Qh4 Ke8 16. Bxf6 Rxf6 17. Qg4 Nf4 18. Kf2 h5 19. Qg3 Qd7 20. Ke3 a5 21.
Qg5 Qg7 22. Qxe5+ Kf8 23. Qxd4 Ng2+ 24. Ke2 Nf4+ 25. Kd2 c6 26. Qc5+ Ke8 27.
Rae1 Ng2 28. Re2 Nf4 29. Ref2 Nh3 30. Rg2 Nf4 31. Rgg1 Nh3 32. Rg3 Nf4 33. Ne2
Ne6 34. Bxe6 Rxe6 35. Qxh5 Ra6 36. f4 gxh5 37. Rxg7 Rh6 38. Rfg1 Kd8 39. Rg8+
Kc7 40. R1g7+ Kb6 41. e5 1-0

[Event "Trygve Waage Cup 2015"]
[Site "Korsvoll, Oslo NOR"]
[Date "2015.01.25"]
[Round "6"]
[White "Lange, Magnus Øyvind"]
[Black "Nilsen, Tobias Lang"]
[Result "0-1"]
[WhiteElo "812"]
[BlackElo "1581"]
[PlyCount "48"]
[EventDate "2015.01.24"]
[Board "2"]
[WhiteTeam "Follo SF"]
[BlackTeam "Moss"]

1. e4 e6 2. d4 d5 3. e5 c5 4. Nf3 Nc6 5. Bb5 Bd7 6. O-O Nxe5 7. Bxd7+ Nxd7 8.
Re1 Ngf6 9. Nc3 Be7 10. Be3 c4 11. Nd2 O-O 12. Ne2 b5 13. Ng3 a5 14. Bg5 b4 15.
Bxf6 Nxf6 16. b3 c3 17. Nf3 Qc7 18. Qd3 Qb7 19. Ng5 h6 20. Nh3 Qa6 21. Qxa6
Rxa6 22. Nf4 Rfa8 23. a3 bxa3 24. Rxa3 Bxa3 0-1

[Event "Int. Schachfestival Basel 2015"]
[Site "Basel SUI"]
[Date "2015.01.01"]
[Round "1"]
[White "Amigó, Alberto"]
[Black "Lange, David"]
[Result "0-1"]
[WhiteElo "1689"]
[BlackElo "1923"]
[PlyCount "64"]
[EventDate "2015.01.01"]

1. d4 Nf6 2. c4 g6 3. Nc3 d5 4. Nf3 Bg7 5. e3 O-O 6. cxd5 Nxd5 7. h3 c5 8. Bc4
Nxc3 9. bxc3 Nc6 10. O-O b6 11. Bb2 cxd4 12. cxd4 Bb7 13. Rb1 Rc8 14. Qe2 Na5
15. Ba6 Qd5 16. Bxb7 Qxb7 17. Rfc1 Rxc1+ 18. Rxc1 Rc8 19. Rxc8+ Qxc8 20. Qd1
Nc4 21. Qc1 Qa6 22. a3 Qb5 23. Bc3 a5 24. Nd2 e6 25. Nxc4 Qxc4 26. Qa1 a4 27.
Qb2 Bf8 28. Bb4 Bxb4 29. axb4 Qb3 30. Qc1 Qxb4 31. Qc8+ Kg7 32. Qb8 Qa5 0-1

[Event "Int. Schachfestival Basel 2015"]
[Site "Basel SUI"]
[Date "2015.01.02"]
[Round "2"]
[White "Lange, David"]
[Black "Erb, Bernhard"]
[Result "1-0"]
[WhiteElo "1923"]
[BlackElo "1781"]
[PlyCount "71"]
[EventDate "2015.01.01"]

1. d4 b6 2. c4 e6 3. Nf3 Nf6 4. Nc3 Be7 5. Bf4 Bb7 6. e3 a6 7. Bd3 d5 8. O-O
O-O 9. Ne5 c5 10. Qf3 Nc6 11. Rad1 cxd4 12. exd4 Na5 13. cxd5 Bxd5 14. Nxd5
Qxd5 15. Qxd5 Nxd5 16. Bd2 Bb4 17. Nd7 Bxd2 18. Nxf8 Kxf8 19. Rxd2 b5 20. Be4
Rd8 21. Bxd5 Rxd5 22. b3 Ke7 23. Rc1 g6 24. Rc7+ Kf6 25. h3 h5 26. Rd3 Rf5 27.
g3 g5 28. Rc5 Rd5 29. Rc7 Kg6 30. Kf1 Rd6 31. Ra7 Rb6 32. d5 Rd6 33. dxe6 Rxd3
34. e7 Nc6 35. Rxa6 Kg7 36. Rxc6 1-0

[Event "Int. Schachfestival Basel 2015"]
[Site "Basel SUI"]
[Date "2015.01.02"]
[Round "3"]
[White "Lenders, Jean-Pierre"]
[Black "Lange, David"]
[Result "0-1"]
[WhiteElo "1839"]
[BlackElo "1923"]
[PlyCount "102"]
[EventDate "2015.01.01"]

1. e4 c5 2. Nf3 d6 3. Bb5+ Bd7 4. Bxd7+ Qxd7 5. O-O Nc6 6. c3 Nf6 7. Re1 g6 8.
d4 cxd4 9. cxd4 Bg7 10. Nc3 O-O 11. h3 Rfd8 12. Be3 e6 13. Qd2 Qc7 14. Rac1 Qa5
15. Bg5 Rd7 16. Bh6 Rad8 17. Bxg7 Kxg7 18. a3 a6 19. Ra1 Rc8 20. b4 Qd8 21.
Rac1 b5 22. Qe3 Ne7 23. Ne2 Rdc7 24. Ng3 Rxc1 25. Rxc1 Rxc1+ 26. Qxc1 Qc8 27.
Qxc8 Nxc8 28. Nd2 Nd7 29. f3 Ncb6 30. Ne2 Na4 31. Kf2 Ndb6 32. Ke3 Nb2 33. Nb1
N6c4+ 34. Kf2 Nd1+ 35. Kg3 Nde3 36. Nec3 Nc2 37. d5 N4xa3 38. dxe6 fxe6 39.
Nxa3 Nxa3 40. Kf4 Nc2 41. Na2 Kf6 42. h4 h6 43. g4 g5+ 44. hxg5+ hxg5+ 45. Kg3
Ke5 46. Kf2 Kf4 47. Nc3 Nxb4 48. Ne2+ Ke5 49. Ke3 Nc2+ 50. Kd2 Nd4 51. f4+ gxf4
0-1

[Event "Int. Schachfestival Basel 2015"]
[Site "Basel SUI"]
[Date "2015.01.03"]
[Round "4"]
[White "Lange, David"]
[Black "Käppeli, Adriano"]
[Result "1/2-1/2"]
[WhiteElo "1923"]
[BlackElo "1861"]
[PlyCount "52"]
[EventDate "2015.01.01"]

1. d4 Nf6 2. c4 g6 3. Nc3 d5 4. e3 Bg7 5. Nf3 O-O 6. cxd5 Nxd5 7. Bc4 Nxc3 8.
bxc3 c5 9. O-O Qc7 10. Bb3 b6 11. Ba3 Nc6 12. Qc2 Ba6 13. Rfb1 Rad8 14. Qe4 Bb7
15. Qc2 Na5 16. Rd1 Bxf3 17. gxf3 cxd4 18. cxd4 Qxc2 19. Bxc2 Rd7 20. Ba4 Rc7
21. Rac1 Rfc8 22. Rxc7 Rxc7 23. Rc1 Rxc1+ 24. Bxc1 Nc4 25. Bb5 Nd6 26. Ba6 Kf8
1/2-1/2

[Event "Int. Schachfestival Basel 2015"]
[Site "Basel SUI"]
[Date "2015.01.04"]
[Round "5"]
[White "Nägelin, Lars"]
[Black "Lange, David"]
[Result "1/2-1/2"]
[WhiteElo "1792"]
[BlackElo "1923"]
[PlyCount "127"]
[EventDate "2015.01.01"]

1. e4 e5 2. Nf3 Nc6 3. Nc3 Nf6 4. Bb5 Nd4 5. d3 Bb4 6. Bc4 d6 7. h3 c6 8. O-O
b5 9. Bb3 Nxb3 10. axb3 O-O 11. Ne2 Re8 12. Ng3 d5 13. Be3 Qc7 14. c3 Bf8 15.
Bg5 Qd6 16. Re1 h6 17. Be3 c5 18. exd5 Nxd5 19. Ne4 Qc6 20. c4 Nb4 21. Nc3 bxc4
22. bxc4 Bf5 23. Ne4 Nxd3 24. Qxd3 Bxe4 25. Qe2 Bxf3 26. Qxf3 Qxf3 27. gxf3
Reb8 28. Ra5 Rxb2 29. Bxc5 Bxc5 30. Rxc5 Rd8 31. Rcxe5 Rdd2 32. Rf1 Rdc2 33.
Ra5 Rxc4 34. Rxa7 Rb3 35. Kg2 Rf4 36. Re1 Rbxf3 37. Re2 Rf6 38. Ra5 Kh7 39. Rc5
g5 40. Rb5 R6f4 41. Rb6 f6 42. Rb7+ Kg6 43. Rc2 Rd3 44. Rb6 Kh5 45. Rbc6 g4 46.
hxg4+ Rxg4+ 47. Kf1 Rf3 48. R2c5+ Rg5 49. Rc3 Rxc3 50. Rxc3 Kg6 51. Rc8 h5 52.
f3 Kf5 53. Kf2 Kg6 54. Rb8 h4 55. Rb4 h3 56. Rh4 Rh5 57. Rxh5 Kxh5 58. Kg3 Kg5
59. Kxh3 Kf4 60. Kg2 Ke3 61. Kg3 f5 62. f4 Ke4 63. Kg2 Kxf4 64. Kf2 1/2-1/2